000237638 001__ 237638
000237638 005__ 20210320173030.0
000237638 0247_ $$0I:(Ru-JINR)_300000$$aG:(Ru-JINR)17-02-20514$$d17-02-20514
000237638 035__ $$aG:(Ru-JINR)17-02-20514
000237638 150__ $$aПроект организации IV Российско-испанского Конгресса по физике элементарных частиц, ядерной физике, астрофизике и космологии$$y2017-2017
000237638 371__ $$0P:(Ru-JINR)P000290$$aКазаков Д.И.
000237638 450__ $$aРФФИ_17-02-20514_Г$$wd$$y2017-2017
000237638 5101_ $$0I:(DE-588b)5118184-8$$aРоссийский фонд фундаментальных исследований$$bРФФИ
000237638 909CO $$ooai:juser.fz-juelich.de:891210$$pauthority:GRANT$$pauthority
000237638 909CO $$ooai:juser.fz-juelich.de:891210
000237638 980__ $$aG
000237638 980__ $$aAUTHORITY